NTA CSIR UGC NET/SET JRF and Lectureship (Record no. 59490)
[ view plain ]
| 000 -LEADER | |
|---|---|
| fixed length control field | 00536nam a22002057a 4500 |
| 005 - DATE & TIME | |
| control field | 20250318152741.0 |
| 008 - FIXED-LENGTH DATA ELEMENTS--GENERAL INFORMATION | |
| fixed length control field | 250318b |||||||| |||| 00| 0 eng d |
| 020 ## - ISBN | |
| International Standard Book Number | 9789364371063 |
| Price | 995.00 |
| 040 ## - CATALOGING SOURCE | |
| Original cataloging agency | Doon University |
| 041 ## - Language | |
| Language | English |
| 082 ## - DDC NUMBER | |
| Classification number | 540.76 |
| Book Number | GUP |
| 100 ## - MAIN ENTRY--PERSONAL NAME | |
| Personal name | Gupta, Preeti |
| 245 ## - TITLE STATEMENT | |
| Title | NTA CSIR UGC NET/SET JRF and Lectureship |
| Sub Title | : Chemical Science |
| 260 ## - PUBLICATION, DISTRIBUTION, ETC. (IMPRINT) | |
| Place of publication, distribution, etc | New Delhi |
| Name of publisher, distributor, etc | Arihant |
| 300 ## - PHYSICAL DESCRIPTION | |
| Pages | 1364 |
| 650 ## - Subject | |
| Subject | Chemistry |
| 700 ## - Added Entry Personal Name | |
| Added Entry Personal Name | Tomar, Aditya |
| 700 ## - Added Entry Personal Name | |
| Added Entry Personal Name | Sharma, Naveen |
| 942 ## - ADDED ENTRY ELEMENTS (KOHA) | |
| Koha item type | Books |
| 700 ## - Added Entry Personal Name | |
| -- | 16674 |
| 700 ## - Added Entry Personal Name | |
| -- | 16675 |
| 952 ## - LOCATION AND ITEM INFORMATION (KOHA) | |
| -- | 2 |
| -- | 2025-11-14 |
| -- | 2025-03-18 |
| 952 ## - LOCATION AND ITEM INFORMATION (KOHA) | |
| -- | 2026-04-16 |
| -- | 2025-03-18 |
| 952 ## - LOCATION AND ITEM INFORMATION (KOHA) | |
| -- | 2025-03-18 |
| 952 ## - LOCATION AND ITEM INFORMATION (KOHA) | |
| -- | 2025-03-18 |
| 952 ## - LOCATION AND ITEM INFORMATION (KOHA) | |
| -- | 2026-04-16 |
| -- | 2025-03-18 |
| 952 ## - LOCATION AND ITEM INFORMATION (KOHA) | |
| -- | 2025-10-13 |
| -- | 2025-03-18 |
| 952 ## - LOCATION AND ITEM INFORMATION (KOHA) | |
| -- | 2026-02-18 |
| -- | 2025-03-18 |
| 952 ## - LOCATION AND ITEM INFORMATION (KOHA) | |
| -- | 2025-08-29 |
| -- | 2025-03-18 |
| 952 ## - LOCATION AND ITEM INFORMATION (KOHA) | |
| -- | 2026-04-18 |
| -- | 2025-03-18 |
| 952 ## - LOCATION AND ITEM INFORMATION (KOHA) | |
| -- | 2025-09-19 |
| -- | 2025-03-18 |
| Withdrawn status | Lost status | Source of classification or shelving scheme | Damaged status | Not for loan | Location (home branch) | Sublocation or collection (holding branch) | Date acquired | Koha issues (times borrowed) | Koha full call number | Accession No. | Koha date last seen | Koha item type |
|---|---|---|---|---|---|---|---|---|---|---|---|---|
| Doon University | Doon University | 18.03.2025 | 1 | 540.76 GUP | 50314 | 29.11.2025 | Books | |||||
| Doon University | Doon University | 18.03.2025 | 1 | 540.76 GUP | 50315 | 30.04.2026 | Books | |||||
| Doon University | Doon University | 18.03.2025 | 540.76 GUP | 50316 | 18.03.2025 | Books | ||||||
| Doon University | Doon University | 18.03.2025 | 540.76 GUP | 50317 | 18.03.2025 | Books | ||||||
| Doon University | Doon University | 18.03.2025 | 1 | 540.76 GUP | 50318 | 02.05.2026 | Books | |||||
| Doon University | Doon University | 18.03.2025 | 1 | 540.76 GUP | 50319 | 27.10.2025 | Books | |||||
| Doon University | Doon University | 18.03.2025 | 2 | 540.76 GUP | 50320 | 02.03.2026 | Books | |||||
| Doon University | Doon University | 18.03.2025 | 1 | 540.76 GUP | 50321 | 15.09.2025 | Books | |||||
| Doon University | Doon University | 18.03.2025 | 1 | 540.76 GUP | 50322 | 05.05.2026 | Books | |||||
| Doon University | Doon University | 18.03.2025 | 1 | 540.76 GUP | 50323 | 09.10.2025 | Books |